Human resource management (Record no. 309895)

MARC details
000 -LEADER
fixed length control field 00531 a2200205 4500
005 - DATE & TIME
control field 20240304162508.0
008 - FIXED-LENGTH DATA ELEMENTS--GENERAL INFORMATION
fixed length control field 240301b |||||||| |||| 00| 0 eng d
020 ## - ISBN
International Standard Book Number 9789356932883
Price Rs. 1575.00
040 ## - CATALOGING SOURCE
Original cataloging agency VIVEKANANDA LIBRARY
082 ## - DDC NUMBER
Classification number 658.3
Book Number M311H
100 ## - MAIN ENTRY--PERSONAL NAME
Personal name Mamoria, C B
245 ## - TITLE STATEMENT
Title Human resource management
260 ## - PUBLICATION, DISTRIBUTION, ETC. (IMPRINT)
Name of publisher, distributor, etc Himalaya Publishing House
Date of publication, distribution, etc 2023
Place of publication, distribution, etc Mumbai
300 ## - PHYSICAL DESCRIPTION
Pages 671
650 ## - Subject
Subject Management
650 ## - Subject
Subject Human Resource Management
700 ## - Added Entry Personal Name
Added Entry Personal Name Rao, V S P
700 ## - Added Entry Personal Name
Added Entry Personal Name Shrivastava, Archana
942 ## - ADDED ENTRY ELEMENTS (KOHA)
Koha item type Books
Holdings
Withdrawn status Lost status Source of classification or shelving scheme Damaged status Not for loan Location (home branch) Sublocation or collection (holding branch) Shelving location Date acquired Koha issues (times borrowed) Koha full call number Accession No. Koha date last seen Koha item type
    Dewey Decimal Classification     VIVEKANANDA LIBRARY VIVEKANANDA LIBRARY IMSAR Library 13/02/2024   658.3 M311H 420329 13/02/2024 Books
© Designed and Maintained by Vivekananda Library, MDU Rohtak